[Event "Dubna op"]
[Site "Dubna"]
[Date "2007.08.08"]
[Round "8"]
[White "Miroshkin, Dmitry"]
[Black "Mishakov, Anatoly"]
[Result "1-0"]
[WhiteElo "2030"]
[BlackElo "2074"]
[PlyCount "62"]
[EventDate "2007.08.02"]
[EventType "swiss"]
[EventRounds "14"]
[EventCountry "RUS"]
[SourceTitle "EXT 2008"]
[Source "ChessBase"]
[SourceDate "2007.11.25"]
[SourceVersion "1"]
[SourceVersionDate "2007.11.25"]
[SourceQuality "1"]

1. d4 Nf6 2. c4 e6 3. Nc3 Bb4 4. Qc2 b6 5. Bg5 h6 6. Bh4 Bb7 7. e3 g5 8. Bg3 Ne4 9. Nge2 Nxc3 10. Nxc3 Be7 11. 0-0-0 d6 12. d5 Nd7 13. dxe6 Nf6 14. exf7+ Kxf7 15. e4 Qg8 16. c5 Qf8 17. Bc4+ Kg7 18. e5 dxe5 19. Bxe5 Rd8 20. Nb5 Bxc5 21. Nxc7 Bc8 22. Nd5 Be7 23. f4 Bg4 24. fxg5 hxg5 25. Rdf1 Rh6 26. h4 gxh4 27. Rf4 Bh5 28. Rhf1 Rxd5 29. Bxd5 Qd8 30. Qf5 Be2 31. R1f2 Rh5 1-0

[Event "Dubna op"]
[Site "Dubna"]
[Date "2007.08.06"]
[Round "5"]
[White "Miroshkin, Dmitry"]
[Black "Leonidov, Vladimir1111"]
[Result "1-0"]
[WhiteElo "2030"]
[BlackElo "2171"]
[PlyCount "59"]
[EventDate "2007.08.02"]
[EventType "swiss"]
[EventRounds "14"]
[EventCountry "RUS"]
[SourceTitle "EXT 2008"]
[Source "ChessBase"]
[SourceDate "2007.11.25"]
[SourceVersion "1"]
[SourceVersionDate "2007.11.25"]
[SourceQuality "1"]

1. Nf3 d5 2. d4 Nf6 3. c4 e6 4. Nc3 c6 5. e3 Nbd7 6. Qc2 Bd6 7. Be2 0-0 8. 0-0 dxc4 9. Bxc4 b5 10. Bd3 a6 11. e4 e5 12. Bg5 Bb7 13. dxe5 Nxe5 14. Nxe5 Bxe5 15. f4 Bd4+ 16. Kh1 h6 17. Bh4 g5 18. Bf2 Bxf2 19. Rxf2 Ng4 20. Rf3 c5 21. Rd1 Qc7 22. h3 c4 23. Nd5 Qd6 24. Bf1 h5 25. e5 Qe6 26. Nc7 Qc8 27. Nd5 Qc5 28. b4 Qa7 29. hxg4 hxg4 30. Nf6+ 1-0